Statistics for Kings of Rohan- Lord of the Rings

Click here to take the quiz!

General Stats

  • This quiz has been taken 109 times
  • The average score is 10 of 19

Answer Stats

HintAnswer% Correct
17Théoden Ednew
98%
18Éomer Éadig
94%
1Eorl the Young
84%
16Thengel
68%
9Helm Hammerhand
64%
2Brego
52%
14Folcwine
50%
4Fréa
48%
15Fengel
46%
3Aldor the Old
44%
13Folca the Hunter
44%
19Elfwine the Fair
42%
10Fréaláf Hildeson
42%
5Fréawine
42%
11Brytta Léofa
40%
6Goldwine
38%
8Gram
34%
12Walda
34%
7Déor
28%

Score Distribution

Percentile by Number Answered

Percent of People with Each Score

Your Score History

You have not taken this quiz